000 01336nam a2200313 4500
001 0000018229
003 CO-CtgCURN
005 20250429230715.0
007 ta
008 160627s2000 000 0 eng d
020 _a9586482452
040 _aCO-CtgCURN
_bspa
_ccoctgcurn
082 0 _a370
_bB23p
100 1 _aBedoya Madrid, José Ivan.
245 1 0 _aPedagogia ·enseñar a pensar? :
_breflexion filosofica sobre el proceso de enseñar /
_cJosé Ivan Bedoya Madrid.
250 _a2a ed.
260 _aBogotá :
_bEcoe Ediciones,
_c2000.
300 _a170 p.
336 _2rdacontent
337 _2rdamedia
_asin mediacion
_bn
338 _2rdacarrier
_avolumen
_bnc
490 1 _aColección textos universitarios
504 _aBibliografia (p. 169-170)
505 8 _aPedagogia y razon.--Relaciones de la filosofia con la pedagogia.--Propuestas para una antropología pedagogica hoy.--La pedagogia y el proceso de enseñar.--Pedagogia e investigación.--La pedagogia: ·un discurso o un compromiso?.--La pedagogia en el contexto de la universidad.--Historicidad de la pedagogia.--Epistemología y proceso pedagogico.--El niño y la Investigación
650 1 4 _aAptitud de aprendizaje.
908 _a160627
942 _cBK
_h370
_iB23p
_2ddc
999 _c34452
_d34452